| Record ID | marc_loc_2016/BooksAll.2016.part41.utf8:166700617:1272 |
| Source | Library of Congress |
| Download Link | /show-records/marc_loc_2016/BooksAll.2016.part41.utf8:166700617:1272?format=raw |
LEADER: 01272cam a2200301 i 4500
001 2014018906
003 DLC
005 20150415082520.0
008 140516s2014 nyuab b 001 0 eng
010 $a 2014018906
020 $a9780199301447
040 $aDLC$beng$cDLC$erda$dDLC
042 $apcc
043 $anwcu---
050 00 $aF1776$b.P46 2014
082 00 $a972.91$223
100 1 $aPérez, Louis A.,$d1943
245 10 $aCuba :$bbetween reform and revolution /$cLouis A. Pérez, Jr.
250 $aFifth edition.
264 1 $aNew York :$bOxford University Press,$c2014.
300 $axv, 480 pages :$billustrations, maps ;$c24 cm.
336 $atext$2rdacontent
337 $aunmediated$2rdamedia
338 $avolume$2rdacarrier
504 $aIncludes bibliographical references and index.
505 0 $aGeography and pre-Columbian peoples -- Colony and society -- Out from the shadows -- Transformation and transition -- Reform and revolution in the colony -- Between wars -- Revolution and intervention -- The structure of the republic -- Reform and revolution in the republic -- The eclipse of old Cuba -- Between the old and the new -- Socialist Cuba -- Cuba in the post-Cold War world.
651 0 $aCuba$xHistory.
650 0 $aNationalism$zCuba$xHistory.